000 00929nam a2200253Ia 4500
003 OSt
005 20220923230955.0
006 a|||||r|||| 00| 0
007 ta
008 220922b |||||||| |||| 00| 0 hin d
024 _a327,230
037 _cTextual
040 _aARTS
_cARTS
_bhin
041 _2hin
_ahin
082 _aX:3Mv2'N, 152L7;P8
100 _aबिपन चंद्र, ले.
245 0 _aभारत में आर्थिक राष्ट्रवाद का उद्भव और विकास
246 _aBhārat mean ārthik rāṣhṭravād kā udbhav aur vikāsa
260 _aनई दिल्ली
_b अनामिका पब्लिशर्स
_c2008
300 _a371पृ.
_ccm.
650 _aअर्थशास्त्र
942 _hX:3Mv2'N, 152L7;P8
_cTEXL
_2CC
999 _c388519
_d388519